[Event "Internationaal Jeugdtoernooi Limburg 1"]
[Site "Maastricht"]
[Date "1995.07.07"]
[Round "4"]
[White "Van Haastert, Edwin"]
[Black "Middelburg, Tom"]
[Result "0-1"]
[WhiteElo "2242"]
[BlackElo "1953"]
[PlyCount "116"]
[EventDate "1995.07.06"]
[EventType "swiss"]
[EventRounds "7"]
[EventCountry "NED"]
[Source "P.Boonen"]
[SourceDate "2009.01.01"]

1. d4 Nf6 2. c4 c5 3. Nf3 cxd4 4. Nxd4 e5 5. Nb5 d5 6. cxd5 Bc5 7. e3 O-O 8.
N5c3 e4 9. Be2 Qe7 10. Nd2 Rd8 11. Qc2 Bf5 12. Nb3 Bd6 13. Nd4 Bg6 14. Bd2 Nbd7
15. O-O-O a6 16. Kb1 Rac8 17. g4 Qe5 18. h4 h6 19. Nf5 Bxf5 20. gxf5 b5 21. a3
Nxd5 22. f3 N7f6 23. Rhf1 Bf8 24. Qb3 Nb6 25. Nxe4 Nxe4 26. fxe4 Qxe4+ 27. Ka2
Nc4 28. Rf4 Qg2 29. Bxc4 bxc4 30. Qc2 Be7 31. Kb1 Bf6 32. Kc1 Rb8 33. Bc3 Rxd1+
34. Kxd1 Qg1+ 35. Ke2 Qg2+ 36. Rf2 Qg4+ 37. Kf1 Qh3+ 38. Ke2 Bxh4 39. Rf4 Qg2+
40. Kd1 Qh1+ 41. Ke2 Qg2+ 42. Kd1 Rd8+ 43. Bd4 Rxd4+ 44. exd4 Qg1+ 45. Ke2 Qh2+
46. Kd1 Qxf4 47. Qxc4 Qf3+ 48. Kd2 Bg5+ 49. Kc2 Qxf5+ 50. Kc3 Qa5+ 51. Kc2 Qb5
52. Qc8+ Kh7 53. b3 Qe2+ 54. Kb1 Qd3+ 55. Ka2 Qxd4 56. a4 Qd2+ 57. Kb1 Qd3+ 58.
Ka2 Bf6 0-1

[Event "Internationaal Jeugdtoernooi Limburg 1"]
[Site "Maastricht"]
[Date "1995.07.07"]
[Round "4"]
[White "Van Nieuwenborg, Alwin"]
[Black "Kipper, Jens"]
[Result "1-0"]
[WhiteElo "1906"]
[BlackElo "2088"]
[PlyCount "63"]
[EventDate "1995.07.06"]
[EventType "swiss"]
[EventRounds "7"]
[EventCountry "NED"]
[Source "P.Boonen"]
[SourceDate "2009.01.01"]

1. e4 e6 2. d3 d5 3. Nd2 Nf6 4. Ngf3 b6 5. g3 dxe4 6. dxe4 Bc5 7. Bg2 Ba6 8. c4
Qd3 9. Qe2 Qxe2+ 10. Kxe2 Nc6 11. e5 Ng4 12. h3 Nxf2 13. Rf1 Ne4 14. Nxe4 Bxc4+
15. Ke1 Bb4+ 16. Bd2 Bxf1 17. Kxf1 O-O-O 18. Bxb4 Nxb4 19. Rc1 Kb8 20. Rc4 Nd5
21. Ke2 h6 22. Nd4 Ne7 23. b4 Rd7 24. b5 Rhd8 25. Nc2 Rd5 26. Nb4 Rxe5 27. Na6+
Ka8 28. Rxc7 Nd5 29. Rxf7 g5 30. Kf2 h5 31. Nd6 g4 32. h4 1-0

[Event "Internationaal Jeugdtoernooi Limburg 1"]
[Site "Maastricht"]
[Date "1995.07.07"]
[Round "4"]
[White "Vrancken, Gilbert"]
[Black "Spaapen, Robbert"]
[Result "1-0"]
[WhiteElo "1744"]
[BlackElo "1550"]
[PlyCount "109"]
[EventDate "1995.07.06"]
[EventType "swiss"]
[EventRounds "7"]
[EventCountry "NED"]
[Source "P.Boonen"]
[SourceDate "2009.01.01"]

1. e4 e5 2. Nf3 Nc6 3. Bc4 Bc5 4. c3 Nf6 5. d4 exd4 6. cxd4 Bb4+ 7. Nc3 Nxe4 8.
O-O Bxc3 9. d5 Bf6 10. Re1 Ne7 11. Rxe4 d6 12. Bg5 Bf5 13. Re2 Bxg5 14. Bb5+
Kf8 15. Nxg5 h6 16. Nf3 a6 17. Ba4 b5 18. Bb3 h5 19. Nd4 Rh6 20. Rxe7 Bg4 21.
Re2 Bxe2 22. Qxe2 Qf6 23. Nf3 Re8 24. Qc2 Rg6 25. Rf1 Qd8 26. Qf5 h4 27. Nd4
Qf6 28. Qxf6 Rxf6 29. Rc1 Re4 30. Nf3 h3 31. Ng5 Rh4 32. Nxh3 Rd4 33. Ng5 Rf5
34. Nf3 Re4 35. Bc2 Rc4 36. Nd2 Rxc2 37. Rxc2 Rxd5 38. g3 c5 39. Ne4 Rd4 40. f3
Ke7 41. Rd2 Rxd2 42. Nxd2 d5 43. Kf2 Kd6 44. Ke3 Ke5 45. f4+ Kf5 46. Kf3 f6 47.
Nb3 c4 48. Nd4+ Kg6 49. Nc6 f5 50. Ne7+ Kf6 51. Nxd5+ Ke6 52. Nc7+ Kd6 53. Nxa6
Kd5 54. Ke3 c3 55. bxc3 1-0

[Event "Internationaal Jeugdtoernooi Limburg 1"]
[Site "Maastricht"]
[Date "1995.07.07"]
[Round "4"]
[White "Wuts, Frank"]
[Black "Dambacher, Martijn"]
[Result "0-1"]
[WhiteElo "2262"]
[BlackElo "2055"]
[PlyCount "126"]
[EventDate "1995.07.06"]
[EventType "swiss"]
[EventRounds "7"]
[EventCountry "NED"]
[Source "P.Boonen"]
[SourceDate "2009.01.01"]

1. d4 c5 2. d5 Nf6 3. c4 e6 4. dxe6 fxe6 5. Nc3 d5 6. Bg5 Be7 7. e3 Nc6 8. Nf3
d4 9. Bxf6 gxf6 10. Ne4 e5 11. Nh4 Qa5+ 12. Nd2 Be6 13. Qh5+ Bf7 14. Qg4 Rd8
15. e4 Nb4 16. Nb3 Nd3+ 17. Ke2 Qb4 18. Kxd3 Bxc4+ 19. Kc2 d3+ 20. Kc1 Bxb3 21.
Bxd3 Bf7 22. Rd1 c4 23. a3 Qc5 24. Bc2 Qxf2 25. Rxd8+ Kxd8 26. Ba4 Qf4+ 27.
Qxf4 exf4 28. Kc2 Kc7 29. Nf5 Bc5 30. Kc3 Rd8 31. Bc2 Bb6 32. b4 cxb3 33. Bxb3
Ba5+ 34. Kb2 Rd2+ 35. Bc2 Rxg2 36. Rf1 Bd2 37. Nh4 Rxh2 38. Nf3 Rg2 39. Nxd2
Rxd2 40. Rxf4 Bg6 41. Kc3 Rd6 42. a4 Kd7 43. Rf1 Ke6 44. Rb1 b6 45. Rb5 a6 46.
Rb4 Ke5 47. Rc4 Be8 48. a5 bxa5 49. Rc5+ Kf4 50. Rf5+ Ke3 51. Rxa5 Bg6 52. Ra4
Re6 53. Bb3 Rc6+ 54. Kb2 Bxe4 55. Bc4 Bd3 56. Bd5 Rc5 57. Bh1 Rc2+ 58. Ka3 f5
59. Rh4 f4 60. Rh3+ Kd4 61. Rf3 Rh2 62. Rxf4+ Ke5 63. Rf3 Be4 0-1

[Event "Internationaal Jeugdtoernooi Limburg 1"]
[Site "Maastricht"]
[Date "1995.07.08"]
[Round "5"]
[White "Buch, Thomas"]
[Black "Wuts, Frank"]
[Result "0-1"]
[WhiteElo "1921"]
[BlackElo "2262"]
[PlyCount "46"]
[EventDate "1995.07.06"]
[EventType "swiss"]
[EventRounds "7"]
[EventCountry "NED"]
[Source "P.Boonen"]
[SourceDate "2009.01.01"]

1. e4 d6 2. d4 Nf6 3. Nc3 c6 4. Be3 Qb6 5. Qd2 Qxb2 6. Rb1 Qa3 7. Bc4 e6 8. d5
Be7 9. f3 Nbd7 10. dxe6 Ne5 11. exf7+ Nxf7 12. Nge2 O-O 13. Nf4 b5 14. Bb3 Kh8
15. Ne6 Bxe6 16. Bxe6 Ne5 17. O-O Rae8 18. f4 Neg4 19. Rf3 Bd8 20. Bf5 Nxe3 21.
Rxe3 Bb6 22. Rbe1 g6 23. e5 dxe5 0-1

[Event "Internationaal Jeugdtoernooi Limburg 1"]
[Site "Maastricht"]
[Date "1995.07.08"]
[Round "5"]
[White "Croonenborghs, Tom"]
[Black "Renette, Hans"]
[Result "1-0"]
[WhiteElo "2118"]
[BlackElo "2071"]
[PlyCount "85"]
[EventDate "1995.07.06"]
[EventType "swiss"]
[EventRounds "7"]
[EventCountry "NED"]
[Source "P.Boonen"]
[SourceDate "2009.01.01"]

1. e4 e6 2. d4 d5 3. e5 c5 4. c3 Nc6 5. Nf3 Qb6 6. a3 c4 7. Nbd2 a5 8. g3 Bd7
9. Bh3 a4 10. O-O Na5 11. Ne1 Nb3 12. Nxb3 Qxb3 13. Ng2 Qxd1 14. Rxd1 Ne7 15.
Ne3 Nc6 16. f4 g6 17. Bg2 Ne7 18. g4 h5 19. f5 gxf5 20. gxf5 Bh6 21. fxe6 Bxe6
22. Rf1 O-O-O 23. Nc2 Bxc1 24. Raxc1 Rdg8 25. Ne3 Rg5 26. Kh1 Kd7 27. Rg1 b5
28. Bf3 Rhg8 29. Rxg5 Rxg5 30. Rg1 Rxg1+ 31. Kxg1 h4 32. Kf2 Kc6 33. Nc2 Kd7
34. Nb4 Kc7 35. Ke3 Kd8 36. Kf4 Kd7 37. Kg5 h3 38. Bg4 Bxg4 39. Kxg4 Ke6 40.
Kxh3 f6 41. exf6 Kxf6 42. Kg4 Kg6 43. h4 1-0

[Event "Internationaal Jeugdtoernooi Limburg 1"]
[Site "Maastricht"]
[Date "1995.07.08"]
[Round "5"]
[White "Dambacher, Martijn"]
[Black "Van Nieuwenborg, Alwin"]
[Result "1/2-1/2"]
[WhiteElo "2055"]
[BlackElo "1906"]
[PlyCount "38"]
[EventDate "1995.07.06"]
[EventType "swiss"]
[EventRounds "7"]
[EventCountry "NED"]
[Source "P.Boonen"]
[SourceDate "2009.01.01"]

1. e4 c5 2. Nc3 Nc6 3. Nge2 e6 4. d4 cxd4 5. Nxd4 Nf6 6. Be2 a6 7. O-O Be7 8.
Be3 O-O 9. f4 d6 10. Qe1 Qc7 11. Qg3 d5 12. exd5 Nxd5 13. Nxd5 exd5 14. Nxc6
bxc6 15. Bd4 f6 16. Bf3 Bf5 17. Qf2 Bd6 18. Bc5 Bxc5 19. Qxc5 Qa7 1/2-1/2

[Event "Internationaal Jeugdtoernooi Limburg 1"]
[Site "Maastricht"]
[Date "1995.07.08"]
[Round "5"]
[White "De Blecourt, Sandra"]
[Black "Peek, Maurice"]
[Result "0-1"]
[WhiteElo "1877"]
[BlackElo "2115"]
[PlyCount "118"]
[EventDate "1995.07.06"]
[EventType "swiss"]
[EventRounds "7"]
[EventCountry "NED"]
[Source "P.Boonen"]
[SourceDate "2009.01.01"]

1. d4 Nf6 2. c4 e6 3. Nc3 Bb4 4. Qc2 O-O 5. Nf3 b6 6. e4 d5 7. cxd5 exd5 8. e5
Ne4 9. Bd3 Bf5 10. O-O Bxc3 11. bxc3 h6 12. Ne1 Bh7 13. f3 Ng5 14. Bxg5 Bxd3
15. Qxd3 Qxg5 16. f4 Qd8 17. f5 Qd7 18. f6 g6 19. Nf3 Kh7 20. Qe3 Nc6 21. Nh4
Nd8 22. Rf3 Rh8 23. Re1 Ne6 24. Rg3 c5 25. Nf3 Kg8 26. Rh3 g5 27. Rg3 Kf8 28.
h4 g4 29. Nh2 h5 30. Rd1 Qa4 31. Qd2 cxd4 32. cxd4 Rc8 33. a3 Rc2 34. Qb4+ Qxb4
35. axb4 Ke8 36. Ra1 Nxd4 37. Rd3 Ne2+ 38. Kf1 Nf4 39. Rg3 Rc7 40. Rga3 Kd7 41.
Rxa7 Rhc8 42. b5 Rxa7 43. Rxa7+ Rc7 44. Rxc7+ Kxc7 45. g3 Ng6 46. Ke2 Nxe5 47.
Nf1 Nc4 48. Kd3 Kd6 49. Kd4 Ke6 50. Nh2 Nd6 51. Nf1 Nxb5+ 52. Kd3 Kxf6 53. Ne3
Ke5 54. Ng2 Nd6 55. Nf4 Ne4 56. Nxh5 b5 57. Ng7 Nxg3 58. h5 Nxh5 59. Nxh5 f5
0-1

[Event "Internationaal Jeugdtoernooi Limburg 1"]
[Site "Maastricht"]
[Date "1995.07.08"]
[Round "5"]
[White "De Heer, Machiel"]
[Black "Kerstens, Dennis"]
[Result "1-0"]
[WhiteElo "2140"]
[BlackElo "2087"]
[PlyCount "73"]
[EventDate "1995.07.06"]
[EventType "swiss"]
[EventRounds "7"]
[EventCountry "NED"]
[Source "P.Boonen"]
[SourceDate "2009.01.01"]

1. e4 e5 2. Nf3 Nc6 3. Bc4 Bc5 4. O-O Nf6 5. d3 O-O 6. c3 d6 7. b4 Bb6 8. Bg5
h6 9. Bh4 Be6 10. Nbd2 Kh7 11. Qc2 g5 12. Bxe6 fxe6 13. Bxg5 hxg5 14. Nxg5+ Kh8
15. Nxe6 Qe7 16. Nxf8 Rxf8 17. Nc4 Nh5 18. Nxb6 axb6 19. f4 exf4 20. Qe2 Qg5
21. d4 Ne7 22. Rf3 Qg4 23. Re1 Rg8 24. e5 Nf5 25. exd6 cxd6 26. Rf2 Qg5 27. Qf3
Ne3 28. Qxb7 d5 29. Qf7 Nxg2 30. Re5 f3 31. Qxh5+ Qxh5 32. Rxh5+ Kg7 33. Rg5+
Kh7 34. Rxg8 Kxg8 35. Rxf3 Ne1 36. Rg3+ Kf7 37. Kf2 1-0

[Event "Internationaal Jeugdtoernooi Limburg 1"]
[Site "Maastricht"]
[Date "1995.07.08"]
[Round "5"]
[White "Driessens, Patrick"]
[Black "Deegens, Vincent"]
[Result "1/2-1/2"]
[WhiteElo "2085"]
[BlackElo "2043"]
[PlyCount "80"]
[EventDate "1995.07.06"]
[EventType "swiss"]
[EventRounds "7"]
[EventCountry "NED"]
[Source "P.Boonen"]
[SourceDate "2009.01.01"]

1. d4 d5 2. Nf3 Nf6 3. c4 dxc4 4. Qa4+ Bd7 5. Qxc4 Bc6 6. Ne5 Bd5 7. Qa4+ Bc6
8. Nxc6 Nxc6 9. e3 e6 10. Bb5 Qd7 11. Nc3 Be7 12. Bd2 O-O 13. Rc1 a6 14. Bxc6
bxc6 15. Qc2 c5 16. dxc5 Bxc5 17. Na4 Bd6 18. O-O Rfd8 19. Rfd1 Qb5 20. Bc3 Nd5
21. b3 Rab8 22. g3 h5 23. e4 Nxc3 24. Nxc3 Qg5 25. Qd2 Qg6 26. Qe3 h4 27. Rd3
Be5 28. Ne2 hxg3 29. hxg3 Rxd3 30. Qxd3 Rb4 31. Qd8+ Kh7 32. Qh4+ Kg8 33. f3
Bf6 34. Qh3 Qg5 35. Qf1 Bd4+ 36. Kg2 c5 37. f4 Qd8 38. Qf3 Qa5 39. Rc2 Qb5 40.
e5 g6 1/2-1/2

[Event "Internationaal Jeugdtoernooi Limburg 1"]
[Site "Maastricht"]
[Date "1995.07.08"]
[Round "5"]
[White "Halmans, Paul"]
[Black "Hoehensteiger, Patrick"]
[Result "1-0"]
[WhiteElo "1700"]
[BlackElo "1868"]
[PlyCount "69"]
[EventDate "1995.07.06"]
[EventType "swiss"]
[EventRounds "7"]
[EventCountry "NED"]
[Source "P.Boonen"]
[SourceDate "2009.01.01"]

1. e4 c5 2. Nf3 d6 3. d4 cxd4 4. Nxd4 Nf6 5. Nc3 g6 6. Be3 Bg7 7. f3 O-O 8. Qd2
Nc6 9. O-O-O d5 10. Nxc6 bxc6 11. e5 Ne8 12. f4 Qa5 13. Be2 Nc7 14. g4 e6 15.
Bf3 Rb8 16. h4 c5 17. Nxd5 Qxa2 18. Ne7+ Kh8 19. Qc3 Qa1+ 20. Kd2 Rd8+ 21. Ke2
Ba6+ 22. Kf2 Qa4 23. Ra1 Qb5 24. Nc6 Nd5 25. Qxc5 Rdc8 26. Rxa6 Qxa6 27. Nxb8
Rxc5 28. Nxa6 Rxc2+ 29. Be2 Rxb2 30. Rc1 Bf8 31. Rc8 Kg7 32. Nc7 Nxe3 33. Kxe3
Bc5+ 34. Kd3 Be7 35. Ne8+ 1-0

[Event "Internationaal Jeugdtoernooi Limburg 1"]
[Site "Maastricht"]
[Date "1995.07.08"]
[Round "5"]
[White "Kipper, Jens"]
[Black "Smeets, Christophe"]
[Result "1-0"]
[WhiteElo "2088"]
[BlackElo "1933"]
[PlyCount "39"]
[EventDate "1995.07.06"]
[EventType "swiss"]
[EventRounds "7"]
[EventCountry "NED"]
[Source "P.Boonen"]
[SourceDate "2009.01.01"]

1. d4 d5 2. c4 dxc4 3. Nf3 Nf6 4. e3 Bg4 5. Bxc4 e6 6. h3 Bh5 7. Nc3 Nbd7 8.
O-O Bd6 9. e4 e5 10. Qb3 Rb8 11. dxe5 Nxe5 12. Nxe5 Bxe5 13. g4 Bxc3 14. bxc3
Bg6 15. Ba3 h5 16. Rad1 Nd7 17. Be6 hxg4 18. Bxd7+ Qxd7 19. Rxd7 Kxd7 20. Qd5+
1-0

[Event "Internationaal Jeugdtoernooi Limburg 1"]
[Site "Maastricht"]
[Date "1995.07.08"]
[Round "5"]
[White "Kouwenhoven, Marisca"]
[Black "Mueller, Alexander"]
[Result "1-0"]
[WhiteElo "1958"]
[BlackElo "1850"]
[PlyCount "33"]
[EventDate "1995.07.06"]
[EventType "swiss"]
[EventRounds "7"]
[EventCountry "NED"]
[Source "P.Boonen"]
[SourceDate "2009.01.01"]

1. e4 c6 2. d4 d5 3. e5 Bf5 4. h4 h5 5. Nf3 e6 6. c3 g6 7. Bg5 Qb6 8. Qd2 Nd7
9. Be2 Ne7 10. O-O Rc8 11. b4 Bg4 12. Qf4 a5 13. a3 axb4 14. axb4 c5 15. bxc5
Qb2 16. Nbd2 Bxf3 17. Qxf3 1-0

[Event "Internationaal Jeugdtoernooi Limburg 1"]
[Site "Maastricht"]
[Date "1995.07.08"]
[Round "5"]
[White "Kroeze, Frank"]
[Black "Abeln, Michiel"]
[Result "1/2-1/2"]
[WhiteElo "2386"]
[BlackElo "2115"]
[PlyCount "123"]
[EventDate "1995.07.06"]
[EventType "swiss"]
[EventRounds "7"]
[EventCountry "NED"]
[Source "P.Boonen"]
[SourceDate "2009.01.01"]

1. e4 c5 2. Nc3 Nc6 3. g3 g6 4. Bg2 Bg7 5. d3 d6 6. Be3 Rb8 7. Qd2 b5 8. Nge2
b4 9. Nd1 e5 10. O-O Nge7 11. f4 Qc7 12. fxe5 Nxe5 13. Bh6 O-O 14. Bxg7 Kxg7
15. Ne3 Be6 16. Nf4 Qd7 17. c3 bxc3 18. bxc3 Rb5 19. d4 Nc4 20. Nxe6+ Qxe6 21.
Nxc4 Qxc4 22. Rf2 Rb6 23. Raf1 Ng8 24. Bf3 cxd4 25. Qxd4+ Qxd4 26. cxd4 Rb4 27.
Rd2 Re8 28. Re1 Ne7 29. Rc1 Rc8 30. Rxc8 Nxc8 31. Bd1 Rc4 32. Bb3 Rc1+ 33. Kg2
Nb6 34. Rf2 Nc4 35. Kf3 Rc3+ 36. Ke2 f6 37. Bxc4 Rxc4 38. Kd3 Ra4 39. Kc3 Kf7
40. Rb2 Ke6 41. Rb7 f5 42. exf5+ Kxf5 43. Kb3 Rxd4 44. Rxa7 h5 45. Rf7+ Ke5 46.
Rf2 d5 47. a4 Rd3+ 48. Kb4 d4 49. a5 Rc3 50. a6 Rc8 51. Kb5 Ke4 52. a7 d3 53.
Ra2 Ra8 54. Kb6 Ke3 55. Kb7 Rxa7+ 56. Rxa7 d2 57. Ra1 Ke2 58. Kc6 d1=Q 59. Rxd1
Kxd1 60. Kd5 Ke2 61. Ke5 Kf3 62. Kf6 1/2-1/2

[Event "Internationaal Jeugdtoernooi Limburg 1"]
[Site "Maastricht"]
[Date "1995.07.08"]
[Round "5"]
[White "Middelburg, Tom"]
[Black "Hoogendoorn, Joost"]
[Result "0-1"]
[WhiteElo "1953"]
[BlackElo "2242"]
[PlyCount "46"]
[EventDate "1995.07.06"]
[EventType "swiss"]
[EventRounds "7"]
[EventCountry "NED"]
[Source "P.Boonen"]
[SourceDate "2009.01.01"]

1. e4 c6 2. d4 d5 3. exd5 cxd5 4. c4 Nf6 5. Nc3 e6 6. Nf3 Bb4 7. cxd5 Nxd5 8.
Bd2 O-O 9. Bd3 Nc6 10. O-O Bxc3 11. bxc3 b6 12. Bg5 Qc7 13. c4 Nf4 14. Be4 Bb7
15. d5 Na5 16. Rc1 exd5 17. cxd5 Qxc1 18. Qxc1 Ne2+ 19. Kh1 Nxc1 20. Rxc1 f5
21. Bd3 Bxd5 22. a3 Be4 23. Ba6 Bb7 0-1

[Event "Internationaal Jeugdtoernooi Limburg 1"]
[Site "Maastricht"]
[Date "1995.07.08"]
[Round "5"]
[White "Pater, Evelien"]
[Black "Holtackers, Daan"]
[Result "1/2-1/2"]
[WhiteElo "1874"]
[BlackElo "1736"]
[PlyCount "71"]
[EventDate "1995.07.06"]
[EventType "swiss"]
[EventRounds "7"]
[EventCountry "NED"]
[Source "P.Boonen"]
[SourceDate "2009.01.01"]

1. e4 e6 2. d4 d5 3. exd5 exd5 4. Nf3 Bf5 5. Be2 Bd6 6. c4 dxc4 7. Bxc4 Nf6 8.
O-O O-O 9. Qb3 Qc8 10. Ng5 Bg6 11. Bd5 Nxd5 12. Qxd5 h6 13. Nf3 Nd7 14. Ne5
Bxb1 15. Rxb1 Nxe5 16. dxe5 Qf5 17. Bf4 Qxf4 18. exd6 Qxd6 19. Qxb7 Qb6 20. Qf3
Rad8 21. Qc3 Rd7 22. Rbd1 Rfd8 23. Rxd7 Rxd7 24. Rc1 Re7 25. Qd2 Qe6 26. g3 Rd7
27. Qa5 Qb6 28. Qc3 a6 29. Re1 Qd4 30. Qf3 Qd5 31. Qxd5 Rxd5 32. Re2 Rc5 33.
Kg2 f5 34. h4 Kf7 35. Kf3 Kf6 36. a3 1/2-1/2

[Event "Internationaal Jeugdtoernooi Limburg 1"]
[Site "Maastricht"]
[Date "1995.07.08"]
[Round "5"]
[White "Roobol, Martin"]
[Black "Huberty, Marc"]
[Result "0-1"]
[WhiteElo "2275"]
[BlackElo "2125"]
[PlyCount "94"]
[EventDate "1995.07.06"]
[EventType "swiss"]
[EventRounds "7"]
[EventCountry "NED"]
[Source "P.Boonen"]
[SourceDate "2009.01.01"]

1. d4 Nf6 2. c4 g6 3. Nc3 Bg7 4. e4 d6 5. f3 O-O 6. Bg5 Nc6 7. Nge2 a6 8. Qd2
Rb8 9. Rc1 Bd7 10. d5 Ne5 11. b3 b5 12. cxb5 axb5 13. Nd4 c6 14. dxc6 Nxc6 15.
Ncxb5 Qb6 16. Be3 Qb7 17. Nxc6 Bxc6 18. a4 Rfd8 19. Be2 d5 20. e5 Bxb5 21. Bxb5
d4 22. Bh6 Bxh6 23. Qxh6 Nd5 24. O-O Ne3 25. Rfe1 Qd5 26. Rxe3 dxe3 27. Qxe3
Qd2 28. Qxd2 Rxd2 29. Bc4 Rbd8 30. a5 Rb2 31. a6 Rdd2 32. Bf1 Ra2 33. b4 Rdb2
34. b5 Kg7 35. h4 h5 36. Kh2 Kh6 37. Rc7 Rf2 38. Kg1 Rfb2 39. Rc1 g5 40. Rc6+
Kg7 41. hxg5 Rb1 42. Rc7 Raa1 43. Rb7 Rxf1+ 44. Kh2 Kg6 45. Rxe7 h4 46. Kh3
Kxg5 47. f4+ Rxf4 0-1

[Event "Internationaal Jeugdtoernooi Limburg 1"]
[Site "Maastricht"]
[Date "1995.07.08"]
[Round "5"]
[White "Schreiber, Christophe"]
[Black "Vrancken, Gilbert"]
[Result "1-0"]
[WhiteElo "1950"]
[BlackElo "1744"]
[PlyCount "111"]
[EventDate "1995.07.06"]
[EventType "swiss"]
[EventRounds "7"]
[EventCountry "NED"]
[Source "P.Boonen"]
[SourceDate "2009.01.01"]

1. c4 g6 2. Nc3 Nf6 3. Nf3 Bg7 4. g3 O-O 5. Bg2 d6 6. O-O c6 7. d3 Nbd7 8. Bd2
e5 9. Qc1 Re8 10. Bh6 Nf8 11. Bxg7 Kxg7 12. Nd2 Ne6 13. b4 Bd7 14. a4 h5 15. b5
h4 16. a5 hxg3 17. hxg3 Rc8 18. Qa3 Nd4 19. Qb2 cxb5 20. e3 bxc4 21. Nxc4 Nf5
22. e4 Nd4 23. Ne2 Nxe2+ 24. Qxe2 Be6 25. Ne3 Qd7 26. f4 exf4 27. gxf4 Bh3 28.
Qf3 Bxg2 29. Kxg2 Rh8 30. f5 Rcg8 31. fxg6 Kf8 32. Kf2 Rxg6 33. Rac1 Rh2+ 34.
Ke1 Qb5 35. Rc8+ Kg7 36. Nf5+ Kh7 37. Rf2 Rg1+ 38. Kd2 Qxa5+ 39. Rc3 Rhh1 40.
Nxd6 Qa1 41. Qf5+ Rg6 42. Rc8 Qb2+ 43. Rc2 Qb4+ 44. Rc3 Qxd6 45. e5 Qe7 46.
exf6 Qe1+ 47. Kc2 Qd1+ 48. Kb2 Rh5 49. Qd7 Rxf6 50. Rxf6 Rh2+ 51. Ka3 Qa1+ 52.
Kb3 Qa2+ 53. Kb4 Qb2+ 54. Kc4 Qa2+ 55. Kd4 Rh4+ 56. Ke3 1-0

[Event "Internationaal Jeugdtoernooi Limburg 1"]
[Site "Maastricht"]
[Date "1995.07.08"]
[Round "5"]
[White "Segers, Stefan"]
[Black "Muris, Vivianne"]
[Result "1-0"]
[WhiteElo "1684"]
[BlackElo "1524"]
[PlyCount "43"]
[EventDate "1995.07.06"]
[EventType "swiss"]
[EventRounds "7"]
[EventCountry "NED"]
[Source "P.Boonen"]
[SourceDate "2009.01.01"]

1. d4 d5 2. Nf3 Nf6 3. g3 e6 4. Bg2 Be7 5. O-O O-O 6. c4 c6 7. Nc3 b6 8. Bf4
Ba6 9. cxd5 cxd5 10. Qa4 Qd7 11. Qxd7 Nbxd7 12. Rfc1 Rac8 13. a4 Nb8 14. Ne5
Nh5 15. Nb5 Nxf4 16. gxf4 Rxc1+ 17. Rxc1 Bxb5 18. axb5 Bd6 19. e3 f6 20. Nc6
Rf7 21. f5 exf5 22. Nxa7 1-0

[Event "Internationaal Jeugdtoernooi Limburg 1"]
[Site "Maastricht"]
[Date "1995.07.08"]
[Round "5"]
[White "Snoeck, Rene"]
[Black "Schilperoort, Jeroen"]
[Result "1/2-1/2"]
[WhiteElo "1481"]
[BlackElo "1620"]
[PlyCount "93"]
[EventDate "1995.07.06"]
[EventType "swiss"]
[EventRounds "7"]
[EventCountry "NED"]
[Source "P.Boonen"]
[SourceDate "2009.01.01"]

1. d4 Nf6 2. c4 g6 3. Nc3 Bg7 4. e4 d6 5. f4 O-O 6. Nf3 c5 7. d5 Nbd7 8. Be2
Ne8 9. O-O f5 10. exf5 Rxf5 11. Bd3 Rf8 12. Qc2 Ndf6 13. Re1 Bf5 14. Bd2 Bxd3
15. Qxd3 Nc7 16. Ng5 Nd7 17. Ne6 Nxe6 18. Rxe6 Rf6 19. Rae1 Rxe6 20. Rxe6 Nf8
21. Re2 Qd7 22. b3 a6 23. Ne4 b5 24. Ng5 b4 25. Ne6 Nxe6 26. Rxe6 Rf8 27. g4
Rf6 28. Re2 Qxg4+ 29. Kh1 e6 30. dxe6 Rxe6 31. Rxe6 Qxe6 32. Qe3 Qxe3 33. Bxe3
Kf7 34. Kg2 Ke6 35. Kf3 Kf5 36. h3 Bd4 37. Bd2 Bf6 38. Be3 h6 39. Bc1 g5 40.
fxg5 hxg5 41. Be3 Bd4 42. Bc1 Be5 43. Be3 Bf4 44. Bf2 a5 45. Bg1 Be5 46. Bf2
Bf4 47. Bg1 1/2-1/2

[Event "Internationaal Jeugdtoernooi Limburg 1"]
[Site "Maastricht"]
[Date "1995.07.08"]
[Round "5"]
[White "Spaapen, Robbert"]
[Black "Cohen, Jaap"]
[Result "1/2-1/2"]
[WhiteElo "1550"]
[BlackElo "1600"]
[PlyCount "34"]
[EventDate "1995.07.06"]
[EventType "swiss"]
[EventRounds "7"]
[EventCountry "NED"]
[Source "P.Boonen"]
[SourceDate "2009.01.01"]

1. e4 c5 2. Nf3 d6 3. Bb5+ Nd7 4. O-O a6 5. Bxd7+ Bxd7 6. c3 Bc6 7. d3 Nf6 8.
Bg5 e6 9. Nbd2 Be7 10. Qc2 O-O 11. h3 b5 12. Nh2 d5 13. f4 Re8 14. Rae1 Nd7 15.
Bxe7 Qxe7 16. Ndf3 Nb6 17. Qf2 Rab8 1/2-1/2

[Event "Internationaal Jeugdtoernooi Limburg 1"]
[Site "Maastricht"]
[Date "1995.07.08"]
[Round "5"]
[White "Van Elmpt, Wouter"]
[Black "De Rijck, Johan"]
[Result "0-1"]
[WhiteElo "1550"]
[BlackElo "1699"]
[PlyCount "76"]
[EventDate "1995.07.06"]
[EventType "swiss"]
[EventRounds "7"]
[EventCountry "NED"]
[Source "P.Boonen"]
[SourceDate "2009.01.01"]

1. e4 g6 2. d4 Bg7 3. Nf3 d6 4. Bg5 Nc6 5. Bb5 Bd7 6. O-O Nf6 7. Nbd2 O-O 8. c3
h6 9. Be3 Nh5 10. Nb3 e5 11. d5 Ne7 12. Bd3 f5 13. Qc1 f4 14. Bd2 Kh7 15. Be2
Qe8 16. h3 g5 17. Nh2 Nf6 18. Qc2 Qg6 19. f3 h5 20. Kh1 g4 21. Rg1 g3 22. Nf1
Qg5 23. Be1 Qh4 24. Nh2 Rg8 25. Nd2 Bh6 26. Bf1 Rg7 27. Qb3 b6 28. Qc4 Ng6 29.
Qxc7 Bxh3 30. Qxg7+ Bxg7 31. gxh3 Rg8 32. Bg2 Nh8 33. Nhf1 Bf8 34. Nc4 Nf7 35.
Nfd2 Ng5 36. Bxg3 fxg3 37. f4 Nxh3 38. Nf3 Nf2# 0-1

[Event "Internationaal Jeugdtoernooi Limburg 1"]
[Site "Maastricht"]
[Date "1995.07.08"]
[Round "5"]
[White "Van Gemen, Felix"]
[Black "Van Haastert, Edwin"]
[Result "0-1"]
[WhiteElo "1700"]
[BlackElo "2242"]
[PlyCount "178"]
[EventDate "1995.07.06"]
[EventType "swiss"]
[EventRounds "7"]
[EventCountry "NED"]
[Source "P.Boonen"]
[SourceDate "2009.01.01"]

1. e4 c5 2. Nf3 d6 3. Bb5+ Nd7 4. O-O Ngf6 5. Re1 e6 6. d4 cxd4 7. Nxd4 Be7 8.
Nc3 O-O 9. Be3 a6 10. Bf1 Qc7 11. f3 b5 12. a3 Bb7 13. Qd2 Rac8 14. Rec1 Rfd8
15. Qf2 Qb8 16. Na2 d5 17. exd5 Nxd5 18. b4 Nxe3 19. Qxe3 Bf6 20. Rab1 Ne5 21.
c3 Nc4 22. Bxc4 Rxc4 23. Rd1 h6 24. Ne2 Bd5 25. Nac1 Rdc8 26. Rd3 Qc7 27. Nb3
Rh4 28. g3 Bxb3 29. Rxb3 Rc4 30. Kg2 h5 31. Nd4 h4 32. Ne2 Qc6 33. Nd4 Bxd4 34.
cxd4 Rc2+ 35. Rd2 Qd5 36. Rbd3 Rc1 37. Qe4 Qc4 38. d5 exd5 39. Qxd5 Qc7 40. Qg5
Re1 41. Rd8+ Re8 42. Rxc8 Qxc8 43. Qxh4 f6 44. Qd4 Qe6 45. Qe4 Qf7 46. Qd4 Rc8
47. Kf2 Qe6 48. Kg2 Rc4 49. Qd6 Qe1 50. Qd8+ Kf7 51. Qd5+ Qe6 52. Qxe6+ Kxe6
53. Rd3 Ke5 54. f4+ Ke4 55. Rd6 a5 56. bxa5 Ra4 57. a6 Ra5 58. Rb6 Kd5 59. a7
Kc5 60. Rb7 g5 61. fxg5 fxg5 62. Rg7 Rxa3 63. Rxg5+ Kc4 64. Rg7 b4 65. Rb7 b3
66. h4 Kc3 67. Rf7 Ra2+ 68. Kh3 b2 69. Rf3+ Kc4 70. Rf4+ Kc5 71. Rf5+ Kb6 72.
Rf6+ Kxa7 73. Rf7+ Kb6 74. Rf6+ Kc5 75. Rf5+ Kd4 76. Rb5 Kc3 77. h5 Ra1 78.
Rxb2 Kxb2 79. Kh4 Kc3 80. Kg5 Kd4 81. Kh6 Ke5 82. g4 Kf6 83. g5+ Kf7 84. Kh7
Rg1 85. g6+ Kf6 86. Kh8 Rh1 87. g7 Rxh5+ 88. Kg8 Rg5 89. Kh8 Kf7 0-1